|
|
|
|
| LEADER |
01020nam a22002772a 4500 |
| 001 |
000228068 |
| 003 |
CZ BrMZK |
| 005 |
20140924101838.0 |
| 007 |
ta |
| 008 |
970103s1987 xo f slo d |
| 040 |
|
|
|a BOA001
|b cze
|
| 080 |
|
|
|a 539.3/.4(075.8)
|2 MRF
|
| 100 |
1 |
|
|a Gomola, Alojz
|7 jx20080627012
|4 aut
|
| 245 |
1 |
0 |
|a Pružnosť a pevnosť /
|c Alojz Gomola, Ondrej Fodolec
|
| 250 |
|
|
|a 1. vyd.
|
| 260 |
|
|
|a Bratislava :
|b Alfa,
|c 1987
|
| 300 |
|
|
|a 346 s.
|
| 504 |
|
|
|a Obsahuje bibliografii
|
| 550 |
|
|
|a Vydavatel: Vysoká škola dopravy a spojov v Žiline, strojnícka a elektrotechnická fakulta
|
| 700 |
1 |
|
|a Fodolec, Ondrej
|4 aut
|
| 910 |
|
|
|a BOA001
|b TK-A-0236.425
|b 4-0930.241
|
| 964 |
|
|
|a Pevnost - učebnice - vysoké školy
|
| 964 |
|
|
|a Pružnost - učebnice - vysoké školy
|
| 990 |
|
|
|a BK
|
| 996 |
7 |
|
|b 2629996910
|c TK-A-0236.425
|l MZK
|r Sklad / do 24 hodin
|n 0
|w 000228068
|u 000010
|a 1
|e BOA001
|j MZK50
|s A
|
| 996 |
6 |
|
|b BC-500861
|c 4-0930.241
|l MZK
|r Sklad / do 1 hodiny
|n 0
|w 000228068
|u 000020
|a 1
|e BOA001
|j MZK50
|s P
|